Modelovanie potrieb slovenského trhu práce v kategóriách vzdelania a povolania

Modelovanie potrieb trhu práce - skúsenosti zo zahraničia. Model VZAM 2.0, ktorý prognózuje vývoj počtu ekonomicky aktívnych, zamestnaných a nezamestnaných do roku 2025. Model očakáva zastavenie rasu počtu ekonomicky aktívneho obyvateľstva už od roku 2016. Tento očakávaný pokles sa nutne prejavi aj...

Descripción completa

Guardado en:
Detalles Bibliográficos
Autor principal: Horvát, Peter
Formato: Capítulo de libro
Lenguaje:eslovaco
Materias:
Etiquetas: Agregar Etiqueta
Sin Etiquetas, Sea el primero en etiquetar este registro!

MARC

LEADER 00000naa$a2200000$$$4500
001 0198697
005 20240502073346.5
041 0 |a slo 
044 |a SK 
245 1 0 |a Modelovanie potrieb slovenského trhu práce v kategóriách vzdelania a povolania  |c Peter Horvát 
520 |a Modelovanie potrieb trhu práce - skúsenosti zo zahraničia. Model VZAM 2.0, ktorý prognózuje vývoj počtu ekonomicky aktívnych, zamestnaných a nezamestnaných do roku 2025. Model očakáva zastavenie rasu počtu ekonomicky aktívneho obyvateľstva už od roku 2016. Tento očakávaný pokles sa nutne prejavi aj v poklese nezamestnaanosti. 
610 2 0 |a trh práce 
610 2 0 |a potreby 
610 2 0 |a modelovanie 
610 2 0 |a modely 
610 2 0 |a zamestnanosť 
610 2 0 |a nezamestnanosť 
610 2 0 |a prognózy strednodobé 
610 2 0 |a Slovensko 
100 1 |a Horvát, Peter